|
|
|
|
| LEADER |
00612nta a2200181 i 4500 |
| 001 |
dipl92743 |
| 005 |
20201022073609.0 |
| 008 |
201021s2012 hu om 0|| zxx d |
| 040 |
|
|
|a SZTE Diploma Repozitórium
|b hun
|
| 041 |
|
|
|a zxx
|
| 100 |
1 |
|
|a Fábián Szandra
|
| 245 |
1 |
0 |
|a Daganatos betegek ápolása
|h [elektronikus dokumentum] /
|c Szandra Fábián
|
| 260 |
|
|
|c 2012
|
| 650 |
|
4 |
|a Orvos- és egészségtudományok
|
| 650 |
|
4 |
|a Medical and health sciences
|
| 650 |
|
4 |
|a Health sciences
|
| 700 |
1 |
|
|a Nagy Erika
|e ths
|
| 856 |
4 |
0 |
|u http://diploma.bibl.u-szeged.hu/id/eprint/92743/1/2012_fabian_szandra.pdf
|z Dokumentum-elérés
|